|
|
|
|
| LEADER |
02082nam a2200385 a 4500 |
| 001 |
EBC1336260 |
| 003 |
MiAaPQ |
| 005 |
20200520144314.0 |
| 006 |
m o d | |
| 007 |
cr cn||||||||| |
| 008 |
130619s2013 dcua sb i000 0 eng d |
| 010 |
|
|
|z 2013024211
|
| 020 |
|
|
|z 9780821399187
|
| 020 |
|
|
|a 9780821399194 (electronic bk.)
|
| 035 |
|
|
|a (MiAaPQ)EBC1336260
|
| 035 |
|
|
|a (Au-PeEL)EBL1336260
|
| 035 |
|
|
|a (CaPaEBR)ebr10740789
|
| 035 |
|
|
|a (CaONFJC)MIL507108
|
| 035 |
|
|
|a (OCoLC)857061074
|
| 040 |
|
|
|a MiAaPQ
|c MiAaPQ
|d MiAaPQ
|
| 050 |
|
4 |
|a HG3881.5.I56
|b B54 2013
|
| 082 |
0 |
4 |
|a 332.1/53
|2 23
|
| 245 |
0 |
0 |
|a Assessing the monitoring and evaluation systems of IFC and MIGA
|h [electronic resource] :
|b biennial report on operations evaluation.
|
| 260 |
|
|
|a Washington D.C. :
|b World Bank :
|b Independent Evaluation Group,
|c 2013.
|
| 300 |
|
|
|a xli, 114 p. :
|b ill. (some col.)
|
| 504 |
|
|
|a Includes bibliographical references.
|
| 505 |
0 |
|
|a Abbreviations -- Acknowledgments -- Overview -- Management response -- Management action record -- Chairperson's summary : committee on development effectiveness -- Statement by the external expert panel -- Context and evaluation framework -- Monitoring and evaluation in IFC and MIGA -- Use and influence of monitoring and evaluation in IFC and MIGA -- Effectiveness and efficiency of monitoring and evaluation systems -- Main findings and recommendations -- Findings -- Recommendations -- Appendix B: IEG criteria for assessing the M&E quality for advisory -- Appendix C: Electro -- Boxes -- Tables -- Figures -- Appendixes.
|
| 533 |
|
|
|a Electronic reproduction. Ann Arbor, MI : ProQuest, 2015. Available via World Wide Web. Access may be limited to ProQuest affiliated libraries.
|
| 610 |
2 |
0 |
|a International Finance Corporation.
|
| 610 |
2 |
0 |
|a Multilateral Investment Guarantee Agency.
|
| 650 |
|
0 |
|a Economic development.
|
| 655 |
|
4 |
|a Electronic books.
|
| 710 |
2 |
|
|a World Bank.
|
| 710 |
2 |
|
|a ProQuest (Firm)
|
| 856 |
4 |
0 |
|u https://ebookcentral.proquest.com/lib/matrademy/detail.action?docID=1336260
|z Click to View
|